| 000 | 00502nam a2200169Ia 4500 | ||
|---|---|---|---|
| 999 |
_c35429 _d35429 |
||
| 003 | OSt | ||
| 005 | 20201130145109.0 | ||
| 008 | 190216s9999||||xx |||||||||||||| ||und|| | ||
| 040 | _coclc | ||
| 082 |
_a796.48 _bDEM/T |
||
| 100 |
_aDemellow, Melville _97053 |
||
| 245 | 4 |
_aThe Olympics And Their Heroes / _cMelville Demellow |
|
| 260 |
_bNational Book Trust India, _c1974. _aNew Delhi: |
||
| 300 | _a64p | ||
| 650 | _aOlympics | ||
| 942 |
_cREF _2ddc _h796.48 _iDEM/T _k796.48 _mDEM/T |
||